Memory booster workout : 10 steps to a powerful memory

Bibliographic Details
Main Author: Iddon, Jo
Corporate Author: Title
Other Authors: Williams, Huw
Format: Book
Published: San Diego : Thunder Bay Press , 2003
Subjects:

MARC

LEADER 00000cam a2200000 7i4500
001 0000012522
005 20071219.0
008 071219
020 |a 1571459898 
090 0 0 |a 153.1   |b IDD 
100 1 |a Iddon, Jo 
245 1 0 |a Memory booster workout :   |b 10 steps to a powerful memory   |c Jo Iddon and Huw Williams 
260 |a San Diego :   |b Thunder Bay Press ,   |c 2003 
650 0 |a Brain 
650 0 |a English fiction 
650 0 |a Intellect 
650 0 |a Thought and thinking 
700 1 |a Williams, Huw 
710 0 |a Title 
999 |a 0001004812   |b Book   |c Adult Collection   |e Perbadanan Perpustakaan Awam Johor